Global Inequality : (Record no. 10963)
[ view plain ]
| 000 -LEADER | |
|---|---|
| fixed length control field | 02319cam a2200397 a 4500 |
| 001 - CONTROL NUMBER | |
| control field | 14825735 |
| 005 - DATE AND TIME OF LATEST TRANSACTION | |
| control field | 20071029105200.0 |
| 008 - FIXED-LENGTH DATA ELEMENTS--GENERAL INFORMATION | |
| fixed length control field | 070427s2007 enkab b 001 0 eng d |
| 010 ## - LIBRARY OF CONGRESS CONTROL NUMBER | |
| LC control number | 2007274099 |
| 015 ## - NATIONAL BIBLIOGRAPHY NUMBER | |
| National bibliography number | GBA674588 |
| Source | bnb |
| 016 7# - NATIONAL BIBLIOGRAPHIC AGENCY CONTROL NUMBER | |
| Record control number | 013541715 |
| Source | Uk |
| 020 ## - INTERNATIONAL STANDARD BOOK NUMBER | |
| International Standard Book Number | 9780745638867 (cased) |
| 020 ## - INTERNATIONAL STANDARD BOOK NUMBER | |
| International Standard Book Number | 0745638864 (cased) |
| 020 ## - INTERNATIONAL STANDARD BOOK NUMBER | |
| International Standard Book Number | 0745638872 (pbk.) |
| 020 ## - INTERNATIONAL STANDARD BOOK NUMBER | |
| International Standard Book Number | 9780745638874 (pbk.) |
| 035 ## - SYSTEM CONTROL NUMBER | |
| System control number | (OCoLC)ocm71239011 |
| 040 ## - CATALOGING SOURCE | |
| Original cataloging agency | UKM |
| Transcribing agency | UKM |
| Modifying agency | BAKER |
| -- | BWKUK |
| -- | YDXCP |
| -- | IXA |
| -- | UUS |
| -- | DLC |
| 042 ## - AUTHENTICATION CODE | |
| Authentication code | ukscp |
| -- | lccopycat |
| 050 00 - LIBRARY OF CONGRESS CALL NUMBER | |
| Classification number | HF1359 |
| Item number | .G57337 2007 |
| 082 04 - DEWEY DECIMAL CLASSIFICATION NUMBER | |
| Classification number | 337 |
| Edition number | 22 |
| Item number | GLO |
| 245 00 - TITLE STATEMENT | |
| Title | Global Inequality : |
| Remainder of title | Patterns and Explanations / |
| Statement of responsibility, etc | edited by David Held and Ayse Kaya. |
| 260 ## - PUBLICATION, DISTRIBUTION, ETC. (IMPRINT) | |
| Place of publication, distribution, etc | Cambridge : |
| Name of publisher, distributor, etc | Polity, |
| Date of publication, distribution, etc | c2007. |
| 300 ## - PHYSICAL DESCRIPTION | |
| Extent | x, 282 p. : |
| Other physical details | ill., maps ; |
| Dimensions | 26 cm. |
| 504 ## - BIBLIOGRAPHY, ETC. NOTE | |
| Bibliography, etc | Includes bibliographical references and index. |
| 505 0# - FORMATTED CONTENTS NOTE | |
| Formatted contents note | Globalization and inequality / Branko Milanovic -- The unequalled and unequal twentieth century / Bob Sutcliffe -- Globalization, poverty and inequality since 1980 / David Dollar -- Should we worry about income inequality? / Robert H. Wade -- Why inequality matters / Thomas W. Pogge -- Global inequality and global macro economics / James K. Galbraith -- Global inequality, the 'great divergence' and supranational regionalization / Grahame F. Thompson -- Spatial disparities and economic development / Ravi Kanbur, Anthony J. Venables -- More inequality and fewer opportunities? Structural determinants and human agency in the dynamics of income distribution / Gosta Esping-Andersen -- Reframing justice in a globalizing world / Nancy Fraser. |
| 650 #0 - SUBJECT ADDED ENTRY--TOPICAL TERM | |
| Topical term or geographic name as entry element | International economic relations. |
| 650 #0 - SUBJECT ADDED ENTRY--TOPICAL TERM | |
| Topical term or geographic name as entry element | Equality. |
| 700 1# - ADDED ENTRY--PERSONAL NAME | |
| Personal name | Held, David. |
| 700 1# - ADDED ENTRY--PERSONAL NAME | |
| Personal name | Kaya, Ayse. |
| 856 41 - ELECTRONIC LOCATION AND ACCESS | |
| Materials specified | Table of contents only |
| Uniform Resource Identifier | <a href="http://www.loc.gov/catdir/toc/fy0712/2007274099.html">http://www.loc.gov/catdir/toc/fy0712/2007274099.html</a> |
| 856 42 - ELECTRONIC LOCATION AND ACCESS | |
| Materials specified | Publisher description |
| Uniform Resource Identifier | <a href="http://www.loc.gov/catdir/enhancements/fy0802/2007274099-d.html">http://www.loc.gov/catdir/enhancements/fy0802/2007274099-d.html</a> |
| 856 42 - ELECTRONIC LOCATION AND ACCESS | |
| Materials specified | Contributor biographical information |
| Uniform Resource Identifier | <a href="http://www.loc.gov/catdir/enhancements/fy0802/2007274099-b.html">http://www.loc.gov/catdir/enhancements/fy0802/2007274099-b.html</a> |
| 942 ## - ADDED ENTRY ELEMENTS (KOHA) | |
| Source of classification or shelving scheme | Dewey Decimal Classification |
| Item type | Book - Borrowing |
| Withdrawn status | Item status | Source of classification or shelving scheme | Damaged status | Not for loan | Vendor | Home library | Current library | Shelving location | Date acquired | Source of acquisition | Cost, normal purchase price | Serial Enumeration / chronology | Total Checkouts | Total Renewals | Full call number | Barcode | Date last seen | Date last borrowed | Koha item type |
|---|---|---|---|---|---|---|---|---|---|---|---|---|---|---|---|---|---|---|---|
| Dewey Decimal Classification | Abo Elhol | Central Library | Central Library | First floor | 26/02/2009 | 147.20 | 13000302 | 4 | 18 | 337 GLO | 000014974 | 15/07/2025 | 02/12/2020 | Book - Borrowing |